| 000 | 00734nam a22002297a 4500 | ||
|---|---|---|---|
| 005 | 20170124105937.0 | ||
| 010 | _aA-709161 | ||
| 020 |
_c00.00 _a8120716248 |
||
| 035 | _aA-709161 | ||
| 037 | _bCen Lib/Ret | ||
| 040 |
_aDPL _bEN |
||
| 082 |
_a239 _bRUH |
||
| 100 |
_aRuhela, S.P. _910284 |
||
| 245 |
_aSri shirdi sai baba : _cbyS.P.Ruhela _bthe universal master / |
||
| 260 |
_aNew Delhi _bA Sterling Paperback _c1994 |
||
| 270 |
_aL-10 Green Park Extension _bNew Delhi _e110016 |
||
| 300 |
_a148p. _c18cm(Hb) |
||
| 500 | _aIncludes bibliographical references. | ||
| 650 |
_aSri Sai Baba, -- 1836-1918 -- Drama. _910285 |
||
| 650 |
_aHindu saints -- India -- Biography. _973496 |
||
| 942 |
_2ddc _cEN _h239 _mRUH |
||
| 999 |
_c124304 _d124304 |
||